Statistiques concernant Formes de pays n°1

Cliquez ici pour prendre le quiz!

Statistiques générales

  • Ce quiz a été pris 66 440 fois
  • Le résultat moyen est 13 sur 16

Statistiques - réponses

Réponse% Correct
France
99%
Etats-Unis
98%
Italie
98%
Australie
95%
Inde
94%
Royaume-Uni
94%
Mexique
89%
Japon
87%
Chine
85%
Norvège
84%
Égypte
83%
Indonésie
81%
Brésil
80%
Argentine
75%
Irak
32%
Panama
28%

Distribution des résultats

Percentile par nombre de réponses

% des personnes avec chaque résultat

Votre développement - résultats

Vous n’avez pas pris ce quiz